| 000 | 00354 a2200133 4500 | ||
|---|---|---|---|
| 005 | 20250626133700.0 | ||
| 020 | _a0-538-89034-7 | ||
| 082 | _a658.049 CUL | ||
| 100 | _aCULLEN, J . B. | ||
| 245 | _aMultinational Management: A Strategic Approach, | ||
| 260 |
_aNew York, _bUSA, _c1999. |
||
| 300 |
_axvii.;622p, _bGlossary & Index, _c26cm. |
||
| 942 |
_2ddc _cBKS |
||
| 999 |
_c5361 _d5361 |
||